[Event "Mittelrhein-chT 1112"]
[Site "Germany"]
[Date "2012.03.18"]
[Round "10.4"]
[White "Schenk, Uwe"]
[Black "Laven, Ralf"]
[Result "0-1"]
[WhiteElo "2081"]
[BlackElo "2234"]
[PlyCount "88"]
[EventDate "2011.09.11"]
[EventType "team-tourn"]
[EventRounds "13"]
[EventCountry "GER"]
[SourceTitle "EXT 2013"]
[Source "ChessBase"]
[SourceDate "2012.11.22"]
[SourceVersion "1"]
[SourceVersionDate "2012.11.22"]
[SourceQuality "1"]
[WhiteTeam "Godesberg III"]
[BlackTeam "Bruehl"]
[WhiteTeamCountry "GER"]
[BlackTeamCountry "GER"]

1. c4 Nf6 2. g3 c6 3. Bg2 d5 4. Nf3 Bf5 5. cxd5 cxd5 6. Nc3 e6 7. Qb3 Qb6 8. d3 Qxb3 9. axb3 Nc6 10. 0-0 e5 11. Bg5 Be6 12. Nb5 Kd7 13. Rfc1 Bd6 14. Nxd6 Kxd6 15. d4 e4 16. Bf4+ Ke7 17. Ne5 Nxd4 18. Rc7+ Nd7 19. e3 Ne2+ 20. Kh1 Nxf4 21. gxf4 Rhc8 22. Rac1 Kd8 23. R7c3 Nxe5 24. fxe5 Kd7 25. Rd1 Rxc3 26. bxc3 Rc8 27. c4 Kc6 28. cxd5+ Bxd5 29. Rc1+ Kd7 30. Rd1 Ke7 31. Rxd5 Rc1+ 32. Bf1 Rxf1+ 33. Kg2 Rb1 34. Rb5 b6 35. Kg3 Ke6 36. Kf4 Rb2 37. Kxe4 Rxf2 38. Rd5 Rxh2 39. Rd6+ Ke7 40. Rc6 Kd7 41. Rc1 Rh4+ 42. Kd5 Rb4 43. Rf1 Rb5+ 44. Ke4 Ke6 0-1

[Event "Mittelrhein-chT 1112"]
[Site "Germany"]
[Date "2012.01.15"]
[Round "7.3"]
[White "Schenk, Uwe"]
[Black "Hess, Christian1111"]
[Result "1/2-1/2"]
[WhiteElo "2081"]
[BlackElo "2097"]
[PlyCount "67"]
[EventDate "2011.09.11"]
[EventType "team-tourn"]
[EventRounds "13"]
[EventCountry "GER"]
[SourceTitle "EXT 2013"]
[Source "ChessBase"]
[SourceDate "2012.11.22"]
[SourceVersion "1"]
[SourceVersionDate "2012.11.22"]
[SourceQuality "1"]
[WhiteTeam "Godesberg III"]
[BlackTeam "Langenfeld II"]
[WhiteTeamCountry "GER"]
[BlackTeamCountry "GER"]

1. Nf3 g6 2. c4 Bg7 3. e4 d6 4. d4 Nd7 5. Be2 e5 6. Nc3 Ne7 7. Bg5 h6 8. Be3 exd4 9. Nxd4 0-0 10. Qd2 Kh7 11. h4 Ne5 12. 0-0-0 N7c6 13. Nd5 Nxd4 14. Bxd4 c6 15. Ne3 c5 16. Bc3 Nc6 17. Bxg7 Kxg7 18. Qc3+ Kg8 19. h5 g5 20. Rd2 f5 21. exf5 Bxf5 22. Bg4 Nd4 23. Bxf5 Nxf5 24. Nxf5 Rxf5 25. Rhd1 Rf6 26. f3 Qf8 27. Re2 Qf7 28. Qd3 Re8 29. Rxe8+ Qxe8 30. Qd5+ Qf7 31. Kc2 Qxd5 32. Rxd5 Kf7 33. Rd3 Ke6 34. Kc3 1/2-1/2

[Event "Regionalliga Mittelrhein 1011"]
[Site "Germany"]
[Date "2010.10.24"]
[Round "1.2"]
[White "Hoppe, Thilo"]
[Black "Schenk, Uwe"]
[Result "1-0"]
[WhiteElo "2204"]
[BlackElo "2090"]
[PlyCount "111"]
[EventDate "2010.10.24"]
[EventType "team"]
[EventRounds "9"]
[EventCountry "GER"]
[SourceTitle "EXT 2015"]
[Source "ChessBase"]
[SourceDate "2014.11.20"]
[SourceVersion "1"]
[SourceVersionDate "2014.11.20"]
[SourceQuality "1"]
[WhiteTeam "Bonn Beuel"]
[BlackTeam "Godesberg III"]
[WhiteTeamCountry "GER"]
[BlackTeamCountry "GER"]

1. d4 g6 2. c4 Bg7 3. Nc3 d6 4. e4 e5 5. dxe5 dxe5 6. Qxd8+ Kxd8 7. Nf3 Nc6 8. Bg5+ f6 9. 0-0-0+ Bd7 10. Be3 Kc8 11. Rg1 Nh6 12. h3 Nf7 13. g4 Re8 14. h4 Be6 15. g5 f5 16. Bh3 Nd6 17. b3 a5 18. a4 Ra6 19. c5 Nxe4 20. Nxe4 fxe4 21. Bxe6+ Rxe6 22. Nd2 Nd4 23. Kb2 Rac6 24. Nxe4 b6 25. Rh1 bxc5 26. Rc1 c4 27. Rxc4 Rxc4 28. bxc4 Rb6+ 29. Ka2 Rb4 30. h5 Rxa4+ 31. Kb2 Rxc4 32. hxg6 hxg6 33. Rh7 Nf5 34. Ng3 Nxe3 35. fxe3 Rg4 36. Nf1 Rxg5 37. Rxg7 Rg1 38. Nd2 Re1 39. e4 Rg1 40. Rg8+ Kd7 41. Ra8 g5 42. Rxa5 Ke6 43. Kc2 g4 44. Kd3 Re1 45. Ra6+ Kf7 46. Nc4 g3 47. Nxe5+ Ke7 48. Rg6 Rb1 49. Nf3 Rb3+ 50. Ke2 Rb2+ 51. Nd2 c5 52. Rxg3 Ke6 53. Rg6+ Kd7 54. Kd3 Rb4 55. Kc3 Rd4 56. Nb3 1-0

[Event "NRW Class2 0910"]
[Site "Germany"]
[Date "2010.02.01"]
[Round "6.8"]
[White "Schenk, Uwe"]
[Black "Butschek, Marc"]
[Result "0-1"]
[WhiteElo "2202"]
[BlackElo "1841"]
[PlyCount "114"]
[EventDate "2009.09.20"]
[EventType "team-tourn"]
[EventRounds "9"]
[EventCountry "GER"]
[SourceTitle "EXT 2011"]
[Source "ChessBase"]
[SourceDate "2010.11.26"]
[SourceVersion "1"]
[SourceVersionDate "2010.11.26"]
[SourceQuality "1"]
[WhiteTeam "Godesberg II"]
[BlackTeam "Bochum SG II"]
[WhiteTeamCountry "GER"]
[BlackTeamCountry "GER"]

1. Nf3 f5 2. c4 Nf6 3. g3 g6 4. Bg2 d6 5. d4 Bg7 6. 0-0 0-0 7. Nc3 Nc6 8. d5 Ne5 9. Nxe5 dxe5 10. Qb3 h6 11. c5 Kh8 12. Bd2 g5 13. Rad1 f4 14. Nb5 a6 15. Na3 Qe8 16. Nc4 Ng4 17. h3 fxg3 18. Qxg3 Nf6 19. Bc3 Nh5 20. Qh2 Nf4 21. Bxe5 Bxe5 22. Nxe5 Nxe2+ 23. Kh1 Nf4 24. Rfe1 Qh5 25. Ng4 Rf7 26. d6 cxd6 27. cxd6 Bxg4 28. hxg4 Qxg4 29. d7 Rd8 30. Bxb7 Rxd7 31. Rxd7 Qxd7 32. Be4 Kg7 33. f3 Qd4 34. Qc2 Nh5 35. Rd1 Qf6 36. Bd5 e6 37. Bc6 Qf4 38. Qc3+ Nf6 39. Rd4 Qg3 40. b4 e5 41. Rd6 Qh3+ 42. Kg1 e4 43. Rd2 exf3 44. Qxf3 Qe6 45. Rd1 Qxa2 46. Qe3 Qc4 47. Rd6 Qxb4 48. Qe5 Qg4+ 49. Kf1 Qf4+ 50. Qxf4 gxf4 51. Ba4 Rc7 52. Rxa6 Kg6 53. Ra5 Rc3 54. Bb5 f3 55. Ra4 Kg5 56. Ba6 Ng4 57. Bb7 Rc1# 0-1

[Event "Bad Woerishofen op 19th"]
[Site "Bad Woerishofen"]
[Date "2003.03.16"]
[Round "4"]
[White "Medancic, Rikard"]
[Black "Schenk, Uwe"]
[Result "1-0"]
[WhiteElo "2268"]
[BlackElo "2116"]
[PlyCount "79"]
[EventDate "2003.03.13"]
[EventType "swiss"]
[EventRounds "9"]
[EventCountry "GER"]
[SourceTitle "CBM 093 Extra"]
[Source "ChessBase"]
[SourceDate "2003.05.09"]
[SourceVersion "1"]
[SourceVersionDate "2003.05.09"]
[SourceQuality "1"]

1. d4 Nf6 2. Nf3 g6 3. Bg5 Bg7 4. Nbd2 0-0 5. c3 d6 6. e4 c5 7. dxc5 dxc5 8. Bc4 Nc6 9. a4 Qc7 10. 0-0 h6 11. Bh4 Nh5 12. Qe2 b6 13. Rfe1 Bb7 14. Rad1 Rad8 15. Nf1 Na5 16. Ba2 Bc6 17. Qc2 Rxd1 18. Rxd1 Rd8 19. Rxd8+ Qxd8 20. b4 Nb7 21. b5 Be8 22. e5 Kh8 23. Qe4 Qd7 24. g4 f5 25. Qc4 e6 26. gxh5 g5 27. Qxe6 Qxe6 28. Bxe6 f4 29. Nxg5 hxg5 30. Bxg5 Bxe5 31. Nd2 Nd6 32. Nf3 Bxc3 33. Bxf4 Ne4 34. Bb8 Bxh5 35. Ne5 Kg7 36. Nc6 Kf6 37. Bd5 Ng5 38. Bxa7 Bd1 39. Bxb6 Nh3+ 40. Kf1 1-0

[Event "Bad Woerishofen op 19th"]
[Site "Bad Woerishofen"]
[Date "2003.03.14"]
[Round "2"]
[White "Schuette, Manfred"]
[Black "Schenk, Uwe"]
[Result "1-0"]
[WhiteElo "2280"]
[BlackElo "2116"]
[PlyCount "65"]
[EventDate "2003.03.13"]
[EventType "swiss"]
[EventRounds "9"]
[EventCountry "GER"]
[SourceTitle "CBM 093 Extra"]
[Source "ChessBase"]
[SourceDate "2003.05.09"]
[SourceVersion "1"]
[SourceVersionDate "2003.05.09"]
[SourceQuality "1"]

1. c4 g6 2. Nc3 Bg7 3. g3 d6 4. d4 Nf6 5. Bg2 0-0 6. Nf3 Nbd7 7. 0-0 e5 8. Qc2 exd4 9. Nxd4 Re8 10. Rd1 Nc5 11. b4 Ne6 12. Nb3 Ng4 13. f4 c6 14. c5 d5 15. e4 Qf6 16. Rd3 dxe4 17. Nxe4 Qf5 18. Rb1 Nc7 19. h3 Nf6 20. Nd6 Re1+ 21. Kf2 Qe6 22. Qd2 Ne4+ 23. Nxe4 Rxe4 24. Rd8+ Bf8 25. Bb2 f5 26. Bxe4 fxe4 27. Qd4 Kf7 28. Qh8 e3+ 29. Kg1 Ne8 30. Qxh7+ Bg7 31. Bxg7 Nxg7 32. Qg8+ Ke7 33. Qf8# 1-0

[Event "Troisdorf op"]
[Site "Troisdorf"]
[Date "2001.11.12"]
[Round "4"]
[White "Schenk, Uwe"]
[Black "Cohnen, Michael"]
[Result "1/2-1/2"]
[WhiteElo "2088"]
[BlackElo "1705"]
[PlyCount "46"]
[EventDate "2001.10.??"]
[EventType "swiss"]
[EventRounds "7"]
[EventCountry "GER"]
[SourceTitle "EXT 2005"]
[Source "ChessBase"]
[SourceDate "2004.11.15"]
[SourceVersion "1"]
[SourceVersionDate "2004.11.15"]
[SourceQuality "1"]

1. c4 Nf6 2. g3 g6 3. Bg2 Bg7 4. Nc3 0-0 5. d3 d6 6. Bg5 c6 7. e4 e5 8. Qd2 Nbd7 9. Nge2 Qc7 10. 0-0 Ng4 11. h3 h6 12. hxg4 hxg5 13. Qxg5 Nc5 14. Rad1 Ne6 15. Qh4 f6 16. Bf3 Kf7 17. Qh3 Rh8 18. Qg2 Ng5 19. Rfe1 Be6 20. b3 Qd7 21. d4 Nxf3+ 22. Qxf3 Bxg4 23. Qg2 Bh3 1/2-1/2

[Event "Leipzig VfB op 08th"]
[Site "Leipzig"]
[Date "2001.02.25"]
[Round "9"]
[White "Werner, Hubert"]
[Black "Schenk, Uwe"]
[Result "0-1"]
[WhiteElo "1898"]
[BlackElo "2152"]
[PlyCount "120"]
[EventDate "2001.02.20"]
[EventType "swiss"]
[EventRounds "9"]
[EventCountry "GER"]
[SourceTitle "EXT 2008"]
[Source "ChessBase"]
[SourceDate "2007.11.25"]
[SourceVersion "1"]
[SourceVersionDate "2007.11.25"]
[SourceQuality "1"]

1. c4 g6 2. Nc3 Bg7 3. d4 Nf6 4. e4 d6 5. f3 0-0 6. Be3 c5 7. Nge2 Nc6 8. Qd2 Qa5 9. Rc1 a6 10. b3 b5 11. Nd5 Qxd2+ 12. Kxd2 Nxd5 13. cxd5 Nxd4 14. Nxd4 cxd4 15. Bf4 f5 16. g3 fxe4 17. fxe4 Bg4 18. Be2 Bh3 19. Kd3 Rfc8 20. Rxc8+ Rxc8 21. Rc1 Rc3+ 22. Rxc3 dxc3 23. Kc2 Bg2 24. Bd3 Kf7 25. Be3 e6 26. dxe6+ Kxe6 27. Bb6 h5 28. Ba5 Bd4 29. Bxc3 Bxc3 30. Kxc3 Ke5 31. a4 Bxe4 32. Be2 bxa4 33. bxa4 a5 34. Bb5 d5 35. Be2 d4+ 36. Kd2 Kd5 37. h4 Bf5 38. Bb5 Ke4 39. Bc6+ Ke5 40. Bb5 Be4 41. Be2 Bc6 42. Bd3 Kf6 43. Bc2 Bd7 44. Bd1 Ke5 45. Bc2 Be8 46. Ke2 Kd5 47. Bb3+ Kc5 48. Kd2 Kb4 49. Bc2 Bf7 50. Kd3 Bb3 51. Bb1 Bxa4 52. Kxd4 Be8 53. Ba2 Ka3 54. Bd5 Kb2 55. Ke5 a4 56. Kf6 a3 57. Kg5 a2 58. Bxa2 Kxa2 59. g4 Kb3 60. gxh5 gxh5 0-1

[Event "Leipzig VfB op 08th"]
[Site "Leipzig"]
[Date "2001.02.24"]
[Round "7"]
[White "Eickhoff, Hermann"]
[Black "Schenk, Uwe"]
[Result "1/2-1/2"]
[WhiteElo "2080"]
[BlackElo "2152"]
[PlyCount "117"]
[EventDate "2001.02.20"]
[EventType "swiss"]
[EventRounds "9"]
[EventCountry "GER"]
[SourceTitle "EXT 2008"]
[Source "ChessBase"]
[SourceDate "2007.11.25"]
[SourceVersion "1"]
[SourceVersionDate "2007.11.25"]
[SourceQuality "1"]

1. e4 c5 2. Nf3 e6 3. d4 cxd4 4. Nxd4 Nf6 5. Bd3 Nc6 6. Nxc6 bxc6 7. 0-0 d6 8. c4 Be7 9. Nc3 e5 10. Qe2 0-0 11. h3 Be6 12. Be3 Re8 13. Rfd1 Bf8 14. Rac1 Qa5 15. b3 Rad8 16. Na4 Qc7 17. Bb1 Qb7 18. Bg5 Be7 19. Rd3 Qb8 20. Rcd1 h6 21. Bd2 Kh8 22. Rg3 Nh7 23. Qh5 Bf8 24. Nc3 Rd7 25. Qe2 Qd8 26. Be3 Qh4 27. Bc1 Nf6 28. Rgd3 Nh5 29. c5 Red8 30. cxd6 Rxd6 31. Rxd6 Rxd6 32. Rxd6 Bxd6 33. Qd3 Bc5 34. Be3 Nf4 35. Qd2 Bxe3 36. Qxe3 Qg5 37. Qg3 Qxg3 38. fxg3 Ng6 39. Kf2 Kg8 40. Ke3 Kf8 41. Bd3 Ke7 42. Bc4 Bxc4 43. bxc4 Kd6 44. Na4 Nf8 45. c5+ Kc7 46. Kd3 Ne6 47. Kc4 Nd4 48. Nc3 Kb7 49. g4 Nc2 50. Nd1 Ka6 51. h4 Nd4 52. Ne3 Kb7 53. h5 f6 54. Nf5 Ne6 55. g3 Kc7 56. Kb4 Kd7 57. Kc4 Kd8 58. Kb4 Kd7 59. Kc4 1/2-1/2

[Event "Leipzig VfB op 08th"]
[Site "Leipzig"]
[Date "2001.02.23"]
[Round "6"]
[White "Schenk, Uwe"]
[Black "Bross, Thomas"]
[Result "1-0"]
[WhiteElo "2152"]
[BlackElo "1795"]
[PlyCount "79"]
[EventDate "2001.02.20"]
[EventType "swiss"]
[EventRounds "9"]
[EventCountry "GER"]
[SourceTitle "EXT 2008"]
[Source "ChessBase"]
[SourceDate "2007.11.25"]
[SourceVersion "1"]
[SourceVersionDate "2007.11.25"]
[SourceQuality "1"]

1. d4 d5 2. Nf3 Nf6 3. c4 c6 4. Nc3 g6 5. cxd5 cxd5 6. Bf4 Bg7 7. e3 a6 8. Be2 0-0 9. 0-0 Nc6 10. Ne5 e6 11. Nxc6 bxc6 12. Na4 Nd7 13. Rc1 e5 14. dxe5 Nxe5 15. b3 Bb7 16. Qd2 Qe7 17. Nc5 a5 18. Rfd1 g5 19. Bxg5 Qxg5 20. Nxb7 Qg6 21. Nxa5 Kh8 22. f4 Rxa5 23. Qxa5 Ng4 24. Bxg4 Qxg4 25. Qd2 Rg8 26. Rxc6 h5 27. Qxd5 Bf8 28. Rc2 h4 29. a4 Be7 30. Rcd2 Bb4 31. Qd4+ Kh7 32. Qxb4 Qf3 33. Qd4 h3 34. g3 Rxg3+ 35. hxg3 Qxg3+ 36. Kh1 f5 37. Qd7+ Kg6 38. Qe6+ Kh5 39. Qxf5+ Kh4 40. Qh7+ 1-0

[Event "Nord West Cup 3rd"]
[Site "Oldenburg"]
[Date "2001.02.04"]
[Round "7"]
[White "Schenk, Uwe"]
[Black "Schmidt, Harald"]
[Result "0-1"]
[WhiteElo "2152"]
[BlackElo "2296"]
[PlyCount "82"]
[EventDate "2001.02.01"]
[EventType "swiss"]
[EventRounds "7"]
[EventCountry "GER"]
[SourceTitle "EXT 2002"]
[Source "ChessBase"]
[SourceDate "2001.11.25"]
[SourceVersion "1"]
[SourceVersionDate "2001.11.25"]
[SourceQuality "1"]

1. d4 Nf6 2. c4 c5 3. d5 b5 4. cxb5 e6 5. Nc3 exd5 6. Nxd5 Bb7 7. e4 Nxe4 8. Bc4 Be7 9. Nf3 Nd6 10. Be2 0-0 11. 0-0 Ne8 12. Bf4 d6 13. a4 Nd7 14. a5 Bxd5 15. Qxd5 Ndf6 16. Qd2 d5 17. Rfd1 Nd6 18. Ne5 Nde4 19. Qc2 g5 20. Nc6 Qd7 21. Be5 Bd6 22. Bxd6 Nxd6 23. Qxc5 g4 24. Qd4 Qe6 25. Re1 Rfe8 26. Bf1 Nfe4 27. Rad1 Qf5 28. Bd3 Re6 29. Rf1 Qh5 30. f3 g3 31. h3 Nf2 32. Rxf2 gxf2+ 33. Kxf2 Ne4+ 34. fxe4 Qxd1 35. exd5 Qe1+ 36. Kf3 Rg6 37. Ne7+ Qxe7 38. Bxg6 fxg6 39. d6 Rf8+ 40. Kg3 Qg5+ 41. Kh2 Qf4+ 0-1

[Event "Bad Woerishofen op 17th"]
[Site "Bad Woerishofen"]
[Date "2001.??.??"]
[Round "5"]
[White "Schenk, Uwe"]
[Black "Mukic, Josko"]
[Result "1/2-1/2"]
[WhiteElo "2152"]
[BlackElo "2263"]
[PlyCount "164"]
[EventDate "2001.03.15"]
[EventType "swiss"]
[EventRounds "9"]
[EventCountry "GER"]
[SourceTitle "CBM 081 Extra"]
[Source "ChessBase"]
[SourceDate "2001.05.06"]
[SourceVersion "1"]
[SourceVersionDate "2001.05.06"]
[SourceQuality "1"]

1. d4 Nf6 2. c4 e5 3. dxe5 Ng4 4. Bf4 g5 5. Bd2 Nxe5 6. Bc3 Bg7 7. e3 g4 8. Ne2 d6 9. Nf4 Na6 10. Qc2 Bd7 11. Nd2 Nc5 12. b3 Qh4 13. Be2 0-0-0 14. g3 Qg5 15. 0-0-0 h5 16. h4 Qh6 17. Ne4 Nxe4 18. Qxe4 Rhe8 19. Qc2 Kb8 20. Rd2 b6 21. Rhd1 Be6 22. Nd5 Qg6 23. Nf4 Qh6 24. Nd5 Bc8 25. Kb1 Ng6 26. Qb2 Bf5+ 27. Bd3 Bxd3+ 28. Rxd3 Be5 29. Nb4 Kb7 30. Qa3 a5 31. Nd5 Bxc3 32. Rxc3 Ne5 33. Qc1 Nd7 34. Rcd3 Nc5 35. R3d2 Ne4 36. Rc2 Qg6 37. Ka1 Qf5 38. Nf4 c6 39. Qb2 Ra8 40. a4 Rad8 41. Ka2 f6 42. Rd4 Nc5 43. Rcd2 Kc7 44. Rd1 Ne4 45. Rc1 Qe5 46. Nd3 Qf5 47. Nf4 Qh7 48. Rc2 f5 49. Rc1 Kb7 50. Rc2 Rd7 51. Rd1 Qh6 52. Rd4 Rc7 53. Rd1 Rec8 54. Rdc1 Nc5 55. Rd2 Na6 56. Ka1 Nb4 57. Qd4 Rd7 58. Qb2 Rcd8 59. Rcd1 Na6 60. Ka2 Nc5 61. Rc2 Ne6 62. Nxe6 Qxe6 63. Qd4 Qe5 64. Rcd2 Qxd4 65. Rxd4 d5 66. Kb2 Kc7 67. cxd5 Rxd5 68. Rxd5 Rxd5 69. Rxd5 cxd5 70. Kc3 Kc6 71. b4 Kd6 72. bxa5 bxa5 73. Kd4 Kc6 74. Kd3 Kd7 75. Kc2 Kc7 76. Kb3 Kd6 77. Kc2 Kc6 78. Kb3 Kd6 79. Kc2 Ke6 80. Kd2 Kd6 81. Kc2 Ke5 82. Kd3 Ke6 1/2-1/2

[Event "Baunatal op 6th"]
[Site "Baunatal"]
[Date "2000.08.22"]
[Round "6"]
[White "Klink, Tamara"]
[Black "Schenk, Uwe"]
[Result "1-0"]
[WhiteElo "2336"]
[BlackElo "2156"]
[PlyCount "50"]
[EventDate "2000.08.18"]
[EventType "swiss"]
[EventRounds "7"]
[EventCountry "GER"]
[SourceTitle "EXT 2001"]
[Source "ChessBase"]
[SourceDate "2000.11.22"]
[SourceVersion "1"]
[SourceVersionDate "2000.11.22"]
[SourceQuality "1"]

1. e4 c5 2. Nf3 e6 3. d4 cxd4 4. Nxd4 Nf6 5. Nc3 Nc6 6. Ndb5 d6 7. Bc4 e5 8. Bg5 a6 9. Na3 b5 10. Bxf6 gxf6 11. Nd5 f5 12. Bd3 Be6 13. 0-0 Bg7 14. Qh5 f4 15. c4 bxc4 16. Bxc4 0-0 17. Rac1 Rb8 18. b3 Qd7 19. Qd1 Nd4 20. Nc2 Nxc2 21. Rxc2 Kh8 22. h3 f5 23. Nc3 Bxc4 24. bxc4 Rf6 25. exf5 Rxf5 1-0